MARC

LEADER 00000nam0a2200000 4500
001 358324
005 20231102011101.0
035 |a (RuTPU)RU\TPU\retro\15592 
090 |a 358324 
100 |a 20200814d1981 k y0rusy50 ca 
101 0 |a rus 
102 |a RU 
105 |a a z 001zy 
200 1 |a Автоматизация информационных процессов в интегрированных АСУ промышленными предприятиями  |f Т. М. Алиев, Р. А. Алиев, З. В. Халдей 
210 |a Москва  |c Энергоиздат  |d 1981 
215 |a 143 с.  |c ил. 
320 |a Библиогр.: с. 136-140 
606 1 |a Автоматизированные системы планирования и управления предприятием  |x Информационное обеспечение  |2 stltpush  |3 (RuTPU)RU\TPU\subj\665  |9 29499 
610 1 |a АСУ 
610 1 |a информационные процессы 
610 1 |a автоматизация 
610 1 |a проектирование 
610 1 |a внедрение 
675 |a 658.012.011.56:681.3.01  |v 4 
700 1 |a Алиев  |b Т. М.  |g Тофик Мамедович 
701 1 |a Алиев  |b Р. А.  |g Рафик Азизович 
701 1 |a Халдей  |b З. В.  |g Зиновий Вениаминович 
801 1 |a RU  |b 63413507  |c 20200814 
801 2 |a RU  |b 63413507  |c 20210329  |g RCR 
942 |c BK